| 000 | 00840nam a2200205Ia 4500 | ||
|---|---|---|---|
| 999 |
_c34560 _d34560 |
||
| 001 | 321 | ||
| 003 | GE_BSU | ||
| 005 | 20250416113948.0 | ||
| 008 | 181216s2008||||ge |||||||||||||| ||geo|| | ||
| 040 | _cGE_BSU | ||
| 041 | _ageo | ||
| 080 | _a616(075.8) | ||
| 100 |
_aთაბუკაშვილი, რ. _924835 |
||
| 245 |
_aკლინიკური მედიცინის პროპედევტიკა : _b[სახელმძღვანელო]. ნაწილი 1 / _cრ. თაბუკაშვილი, ვ. კაპეტივაძე. |
||
| 264 |
_aთბილისი, _c2008. |
||
| 300 |
_a519 გვ.: _bილ. ; _c20 სმ. |
||
| 653 | _aკლინიკური მედიცინა | ||
| 700 |
_aკაპეტივაძე, ვ. _eავტორი _924836 |
||
| 942 |
_cBK _2udc |
||